000
00377nam a2200133Ia 4500
008
100328s9999 xx 000 0 und d
082
_b
39367
100
_a
राजे नयना
245
_a
आत्मसन्मान
260
_b
नवचैतन्य
630
_a
आत्मसन्मान
730
_a
आत्मसन्मान
942
_c
BOOK
999
_c
528331
_d
528328